| 000 | 00366nam a2200121Ia 4500 | ||
|---|---|---|---|
| 008 | 171205s9999 xx 000 0 und d | ||
| 020 | _a9781284107074 | ||
| 100 | _aBradshaw, Martha J. | ||
| 245 | _aInnovative Teaching Strategies in Nursing and Related Helth Professions | ||
| 250 | _a7th ed. | ||
| 260 |
_bJones & Barlett Learning, LLC _c2017 |
||
| 300 | _a498 pages | ||
| 999 |
_c347388 _d347388 |
||